000 00380nam a22001697a 4500
005 20160528104628.0
008 160528b xxu||||| |||| 00| 0 eng d
020 _a81-7446-362-3
041 _aeng
082 _b5697
100 _aJayachandran, S
_91427
245 _aMarketing Management
260 _bExcel Books
300 _a494
650 _aManagement
_9241
942 _cBK
999 _c2021
_d2020